La breve y maravillosa vida de Óscar Wao / (Registro nro. 7125)

Detalles MARC
000 -LIDER
fixed length control field 00997nam a2200325 a 4500
001 - NÚMERO DE CONTROL
Identificador de número de control 000028778
003 - IDENTIFICACDOR DE NÚMERO DE CONTROL
control field 000028778
005 - DATE AND TIME OF LATEST TRANSACTION
control field 20180509093345.0
008 - ELEMENTOS DE LONGITUD FIJA
fixed length control field 110412s2010 dr 001 f spa d
020 ## - ISBN
International Standard Book Number 9789945429107
040 ## - FUENTE DE CATALOGACIÓN
Agencia que crea de manera original el registro BPMSU
Idioma de catalogación spa
Agencia que realiza la transcripción BPMSU
041 17 - CÓDIGOS DE OBRAS TRADUCIDAS O EN VARIOS IDIOMAS
Código del idioma del texto/archivo de sonido o separata spa
Código del idioma del resumen, abstract o subtítulo eng
049 ## - LOCAL HOLDINGS (OCLC)
Holding library
082 #4 - NÚMERO DE CLASIFICACIÓN DECIMAL DE DEWEY
Classification number RD863.5
Item number D542b, 2010
100 1# - ASIENTO PRINCIPAL -- NOMBRE PERSONAL
Nombre personal Díaz, Junot,
Fechas asociadas con el nombre 1968-
240 14 - TITULO UNIFORME
Título uniforme The brief wondrous life of Oscar Wao
245 13 - MENCIÓN DE TITULO
Título La breve y maravillosa vida de Óscar Wao /
Mención de responsabilidad Junot Díaz, traductor Achy Obejas.
250 ## - MENCIÓN DE EDICION
Mención de edición 2ª ed.
260 ## - PUBLICACIÓN, DISTRIBUCIÓN, ETC. (PIE DE IMPRENTA)
Lugar de publicación, distribución, etc Santo Domingo :
Nombre del editor, distribuidor, etc. Grupo Santillana,
Fecha de publicación, distribución, etc 2010.
300 ## - DESCRIPCIÓN FÍSICA
Extensión 350 p. :
Dimensiones 23 cm.
500 ## - NOTA GENERAL
Nota general Glosario: p.346-350.
504 ## - NOTA DE BIBLIOGRAFÍA, ETC.
Bibliography, etc Incluye bibliografía y notas al pie de páginas.
650 #4 - ENCABEZAMIENTO DE MATERIA--TEMÁTICO
Término temático o nombre geográfico como elemento de entrada NOVELA DOMINICANA
650 #4 - ENCABEZAMIENTO DE MATERIA--TEMÁTICO
Término temático o nombre geográfico como elemento de entrada LITERATURA DOMINICANA
700 12 - ASIENTO SECUNDARIO -- NOMBRE PERSONAL
Nombre personal Obejas, Achy,
Mención de responsabilidad tr.
910 ## - VALIDACIÓN
Validación Validado. Control de calidad EMS
942 ## - ADDED ENTRY ELEMENTS (KOHA)
Source of classification or shelving scheme Dewey Decimal Classification
Koha item type Libros
945 ## - INFORMACIÓN DE PROCESAMIENTO LOCAL
Información de procesamiento local Inventariado / 2017 VM
956 ## - LOCAL ELECTRONIC LOCATION AND ACCESS (OCLC)
Nombre de host VMATEO
Número de acceso 10
Información de compresión 20150626
Inicio de sesión BPMSU
Procesador de solicitud 0069
Existencias
Withdrawn status Lost status Source of classification or shelving scheme Damaged status Not for loan Collection code Home library Current library Date acquired Source of acquisition Total Checkouts Full call number Barcode Date last seen Copy number Price effective from Koha item type
    Dewey Decimal Classification     Colección Dominicana Biblioteca Pública Metropolitana Salomé Ureña Biblioteca Pública Metropolitana Salomé Ureña 07/09/2014 Alfaguara   RD863.5 D542b, 2010 BPMSU15040516 07/09/2014 07/09/2014 Libros
    Dewey Decimal Classification     Colección Dominicana Biblioteca Pública Metropolitana Salomé Ureña Biblioteca Pública Metropolitana Salomé Ureña 07/09/2014 Alfaguara   RD863.5 D542b, 2010 BPMSU15040517 07/09/2014 e. 2 07/09/2014 Libros
    Dewey Decimal Classification     Colección Dominicana Biblioteca Pública Metropolitana Salomé Ureña Biblioteca Pública Metropolitana Salomé Ureña 07/09/2014 Alfaguara   RD863.5 D542b, 2010 BPMSU15040518 07/09/2014 e. 3 07/09/2014 Libros